| 000 | 00352nam a2200109Ia 4500 | ||
|---|---|---|---|
| 008 | 201231s9999 xx 000 0 und d | ||
| 100 | _aChattopadhyay, Manabendu, Maiti, Pradip and Rakshit, Mihir (ed.) | ||
| 245 | 0 | _aPlanning and Economic Policy in India : Evaluation and Lessons for the Future | |
| 260 |
_aNew Delhi _bSAGE |
||
| 300 | _a215 | ||
| 942 | _cBK | ||
| 999 |
_c9334 _d9334 |
||